Statistics for US Cities by City Proper/ Metro

Click here to take the quiz!

General Stats

  • This quiz has been taken 89 times
  • The average score is 53 of 58

Answer Stats

Population(City Proper)City% Correct
19,216,782 | 8,336,817New York
98%
2,693,976 | 9,458,539Chicago
98%
4,731,803San Francisco Bay Area
98%
13,214,799 | 3,979,576Los Angeles
98%
1,021,795San Jose
96%
6,102,434Philadelphia
96%
3,979,845 | 753,675Seattle
96%
2,967,239 | 727,211Denver
96%
1,343,573 | 7,573,136Dallas
96%
2,320,268 | 7,066,141Houston
96%
1,423,851 | 3,338,330San Diego
96%
1,547,253 | 2,550,960San Antonio
95%
1,680,992 | 4,948,203Phoenix
95%
898,553Columbus
95%
2,800,053 | 593,490Baltimore
95%
6,166,488Miami
93%
651,073Memphis
93%
2,227,083 | 978,908Austin
93%
670,820Nashville
93%
4,873,019 | 692,600Boston
93%
6,280,487 | 705,749Washington D.C.
93%
876,384Indianapolis
93%
881,549San Francisco
93%
2,803,228St. Louis
91%
2,636,883 | 885,708Charlotte
91%
6,020,364Atlanta
91%
911,507Jacksonville
91%
3,194,831Tampa
91%
2,608,147Orlando
89%
3,654,908Minneapolis
88%
4,319,629 | 670,031Detroit
88%
2,492,412 | 654,741Portland
88%
655,057Oklahoma City
86%
2,266,715 | 651,319Las Vegas
86%
2,317,600Pittsburgh
79%
617,638Louisville
79%
909,585Fort Worth
77%
681,728El Paso
77%
2,363,740Sacramento
73%
4,650,631Riverside
66%

Score Distribution

Percentile by Number Answered

Percent of People with Each Score

Your Score History

You have not taken this quiz